[Event "POL-ch (Women)"]
[Site "Wroclaw"]
[Date "1987.??.??"]
[Round "10"]
[White "Zboron, Hanna"]
[Black "Brustman, Agnieszka"]
[Result "1/2-1/2"]
[WhiteElo "2070"]
[BlackElo "2335"]
[PlyCount "72"]
[EventDate "1987.??.??"]
[EventType "tourn"]
[EventRounds "15"]
[EventCountry "POL"]
[SourceTitle "EXT 1997"]
[Source "ChessBase"]
[SourceDate "1996.11.15"]
[SourceVersion "1"]
[SourceVersionDate "1996.11.15"]
[SourceQuality "1"]

1. d4 Nf6 2. Nf3 g6 3. Nbd2 d5 4. e3 Bg7 5. Bd3 c5 6. c3 Nbd7 7. 0-0 Qc7 8. e4 cxd4 9. Nxd4 0-0 10. f4 Nc5 11. Qe2 Nfxe4 12. Bxe4 dxe4 13. Nxe4 b6 14. Nxc5 bxc5 15. Nb3 c4 16. Nd4 Bxd4+ 17. cxd4 Bf5 18. Rf2 Bd3 19. Qe5 Qxe5 20. dxe5 Rab8 21. Be3 Rb7 22. Bd4 Rd8 23. Bc3 Bf5 24. Re1 Rbd7 25. h3 h5 26. Rfe2 Rd5 27. a3 Kf8 28. Rf2 Ke8 29. Ree2 Rd1+ 30. Kh2 Rb1 31. Rd2 Rxd2 32. Rxd2 Bd3 33. Kg3 Kd7 34. Kf3 Ke6 35. Rf2 Rh1 36. Bb4 Rd1 1/2-1/2